Client leadership on health and safety (Record no. 112499)

MARC details
000 -LEADER
fixed length control field 01121cad a22002175a 4500
001 - CONTROL NUMBER
control field L153404
008 - FIXED-LENGTH DATA ELEMENTS--GENERAL INFORMATION
fixed length control field 110720s2011 xxk f 000 0 eng d
035 ## - SYSTEM CONTROL NUMBER
System control number (Sirsi) u153404
041 0# - LANGUAGE CODE
Language code of text/sound track or separate title eng
110 2# - MAIN ENTRY--CORPORATE NAME
Corporate name or jurisdiction name as entry element Construction Industry Council
9 (RLIN) 2417
245 00 - TITLE STATEMENT
Title Client leadership on health and safety
Remainder of title a good practice guidance document produced by CIC for professionals to actively engage with clients on health and safety leadership
Medium [electronic resource]
260 ## - PUBLICATION, DISTRIBUTION, ETC.
Place of publication, distribution, etc. London
Name of publisher, distributor, etc. CIC
Date of publication, distribution, etc. 2011
520 ## - SUMMARY, ETC.
Summary, etc. The overall success of a project is dependent on how effectively the client leads on health and safety. This guidance has been produced to assist professionals in a dialogue with clients and includes case studies to demonstrate the benefits of leading on health and safety.
590 ## - LOCAL NOTE (RLIN)
Local note KA
651 #4 - SUBJECT ADDED ENTRY--GEOGRAPHIC NAME
Geographic name United Kingdom
Chronological subdivision
690 ## - LOCAL SUBJECT ADDED ENTRY--TOPICAL TERM (OCLC, RLIN)
Topical term or geographic name as entry element MANAGEMENT-HEALTH AND SAFETY
710 1# - ADDED ENTRY--CORPORATE NAME
Corporate name or jurisdiction name as entry element Construction Clients' Group
710 1# - ADDED ENTRY--CORPORATE NAME
Corporate name or jurisdiction name as entry element Great Britain
Subordinate unit Health and Safety Executive
856 40 - ELECTRONIC LOCATION AND ACCESS
Uniform Resource Identifier <a href="https://www.cic.org.uk/activities/CICClientSafetyLeadership0611.pdf">https://www.cic.org.uk/activities/CICClientSafetyLeadership0611.pdf</a>
Public note View this item free of charge at www.cic.org.uk
942 ## - ADDED ENTRY ELEMENTS (KOHA)
Suppress in OPAC 0
Holdings
Withdrawn status Lost status Source of classification or shelving scheme Damaged status Not for loan Home library Current library Shelving location Date acquired Total Checkouts Full call number Barcode Date last seen Copy number Price effective from Koha item type
    Dewey Decimal Classification     Virtual Virtual Online 20/07/2011   ONLINE PUBLICATION 153404-2001 06/08/2019 1 06/08/2019 Book